<?xml version="1.0" encoding="UTF-8"?>
<record
    xmlns:xsi="http://www.w3.org/2001/XMLSchema-instance"
    xsi:schemaLocation="http://www.loc.gov/MARC21/slim http://www.loc.gov/standards/marcxml/schema/MARC21slim.xsd"
    xmlns="http://www.loc.gov/MARC21/slim">

  <leader>00720naa a2200181Ia 4500</leader>
  <controlfield tag="008">200107s1997    xx            000 0 und d</controlfield>
  <datafield tag="020" ind1=" " ind2=" ">
    <subfield code="a">0-7862-1347-7</subfield>
  </datafield>
  <datafield tag="082" ind1=" " ind2=" ">
    <subfield code="a">G54</subfield>
    <subfield code="b">G54</subfield>
  </datafield>
  <datafield tag="083" ind1=" " ind2=" ">
    <subfield code="a">G54 G54</subfield>
  </datafield>
  <datafield tag="099" ind1=" " ind2=" ">
    <subfield code="a">1227</subfield>
  </datafield>
  <datafield tag="100" ind1=" " ind2=" ">
    <subfield code="a">Godden, Rumer</subfield>
    <subfield code="9">2576</subfield>
  </datafield>
  <datafield tag="245" ind1="1" ind2="0">
    <subfield code="a">Cromartie v. the god Shiva: </subfield>
    <subfield code="b">acting through the government of India.</subfield>
  </datafield>
  <datafield tag="264" ind1=" " ind2=" ">
    <subfield code="a">Thorndike, Maine</subfield>
    <subfield code="b">Thorndike Press, </subfield>
    <subfield code="c">1997.</subfield>
  </datafield>
  <datafield tag="300" ind1=" " ind2=" ">
    <subfield code="a">200</subfield>
  </datafield>
  <datafield tag="520" ind1=" " ind2=" ">
    <subfield code="a">When a Canadian art dealer takes his latest acquisition, the eleventh-century statue f the Hindus god Shiva to a London appraisal, it is impounded by the British police and be must take the case to court to prove it is not stolen.</subfield>
  </datafield>
  <datafield tag="650" ind1=" " ind2=" ">
    <subfield code="a">Shiva (Hindu deity)</subfield>
    <subfield code="9">2577</subfield>
  </datafield>
  <datafield tag="942" ind1=" " ind2=" ">
    <subfield code="2">ddc</subfield>
    <subfield code="c">BK</subfield>
  </datafield>
  <datafield tag="999" ind1=" " ind2=" ">
    <subfield code="c">1227</subfield>
    <subfield code="d">1227</subfield>
  </datafield>
  <datafield tag="952" ind1=" " ind2=" ">
    <subfield code="0">0</subfield>
    <subfield code="1">0</subfield>
    <subfield code="2">ddc</subfield>
    <subfield code="4">0</subfield>
    <subfield code="7">0</subfield>
    <subfield code="a">FOUNDATION</subfield>
    <subfield code="b">FOUNDATION</subfield>
    <subfield code="c">CIRC</subfield>
    <subfield code="d">2017-11-09</subfield>
    <subfield code="e">Donated</subfield>
    <subfield code="o">G54 G54</subfield>
    <subfield code="p">60893</subfield>
    <subfield code="r">2022-02-23 00:00:00</subfield>
    <subfield code="w">2022-02-23</subfield>
    <subfield code="y">BK</subfield>
  </datafield>
</record>
